000 00645nam a2200181Ia 4500
008 100920s9999 xx 000 0 und d
082 _b63770
_a61 थ 57
100 _a---
245 _aग्रामोद्योग.
260 _bमुंबई सरकारच्या प्रसिध्दी खात्याकडून प्रकाशित.
_c1957
300 _a64
_bसाधी
365 _b0.5
520 _aस्थानिक वाचन.
630 _aग्रामोद्योग.
650 _aस्थानिक वाचन.
730 _aग्रामोद्योग.
942 _cBOOK
999 _c706849
_d706846